Alternative agriculture

Na minha lista:
Detalhes bibliográficos
Autor principal: Council for Agricultural Science and Technology
Formato: Livro
Idioma:Undetermined
Publicado em: Ames, Iowa Washington 1990
Assuntos:
Tags: Adicionar Tag
Sem tags, seja o primeiro a adicionar uma tag!
Thư viện lưu trữ: Trung tâm Học liệu Trường Đại học Cần Thơ
LEADER 00594nam a2200193Ia 4500
001 CTU_127430
008 210402s9999 xx 000 0 und d
082 |a 630 
082 |b A466 
100 |a Council for Agricultural Science and Technology 
245 0 |a Alternative agriculture 
245 0 |c Council for Agricultural Science and Technology 
260 |a Ames, Iowa 
260 |b Washington 
260 |c 1990 
650 |a Alternative, agriculture,Alternative, agriculture 
650 |z United State 
904 |i Hạ Nguyên 
980 |a Trung tâm Học liệu Trường Đại học Cần Thơ